Seen im Saarland - Statistiken

Allgemein
  • Dieses Quiz wurde 22 mal gespielt
  • Das Durchschnittsergebnis liegt bei 2 aus 19
Antwortstatistiken
Gemeinde See % Korrekt
Nohfelden Bostalsee
88%
Losheim am See Losheimer Stausee
63%
Niederwürzbach Niederwürzbacher Weiher / Würzbacher Weiher
19%
Burbach, Saarbrücken Burbacher Waldweiher
13%
Ihn (Wallerfangen) Ihner Weiher
6%
Schiffweiler Itzenplitzer Weiher
6%
Saarbrücken Krämersweiher
6%
Sankt Nikolaus Nikolausweiher
6%
Noswendel Noswendeler See
6%
Ommersheim Ommersheimer Weiher
6%
Saarbrücken Prinzenweiher
6%
Saarbrücken-Sankt Arnual Tabaksweiher
6%
Jägersburg, Homburg Brückweiher
0%
Dillingen/Saar Dillinger See
0%
Rohrbach, St. Ingbert Glashütter Weiher
0%
Hassel, Niederwürzbach Griesweiher
0%
Nonnweiler, Neuhütten (Hochwald) Primstalsperre
0%
Niederwürzbach, Blieskastel Sägeweiher
0%
Friedrichsthal Saufangweiher
0%
Keine übereinstimmenden Quizze gefunden
Verteilung der Resultate
Anzahl Personen mit jedem Resultat
Perzentil nach korrekt beantworteten Fragen
Ihre Resultats-Entwicklung
Sie haben dieses Quiz noch nicht gespielt